000 00772cam a2200253Ii 4500
008
020 _a9781455702688 (hbk.)
049 _aMAIN
090 _aRD546
_bTRA
245 1 0 _aTransplantation of the liver /[edited by]
_cRonald W. Busuttil, Goran B. Klintmalm.
250 _a3rd ed.
260 1 _aPhiladelphia, PA :
_bElsevier/Saunders,
_c2015.
504 _aIncludes bibliographical references.
650 0 _aLiver
_xTransplantation.
650 2 _aLiver Transplantation.
650 2 _aLiver Diseases
_xsurgery.
700 1 _aBusuttil, Ronald W.
700 1 _aKlintmalm, Goran B.
907 _a.b10363695
_b26-10-15
_c26-10-15
003
005 20230120204202.0
040 _cNUST
942 _cBOOKS
_kRD546
_mTRA
999 _c118692
_d118692